000 00718nam a2200265 4500
001 000000001
003 OSt
005 20260530113915.0
008 260508b |||||||| |||| 00| 0 eng d
020 _a9788425204340
040 _aICI
_bspa
_cICI
041 _aspa
050 _aTS670
_bB7818 1970
100 _aBrunhuber, Ernest.
_933962
245 1 0 _aFundición a presión /
_cErnest Brunhuber
260 6 4 _aBarcelona :
_bGustavo Gili,
_c1962
300 _a336 páginas :
_c21
500 0 _aspa
500 0 _aManufactura.
650 _aFundición a presión
_933963
650 _aMetalurgia
_933964
650 _aManufactura metálica
_933965
650 _aProcesos industriales
_933966
942 _2lcc
_cBK
_n1
999 _c12255
_d12255